000 00609nam a2200217Ia 4500
001 6365
008 140602s 198 ii a g b000 u 465 u
020 _a0-471-57389-2
082 _a540
100 _aMunk, Petr .
245 0 _aIntroduction to Macromolecular Science /
_cPetr Munk.
_hTextual Documents
250 _a1st ed. /
260 _aNew York :
_bJohn Wiley & Sons ,
_cC 1989.
300 _axv, 522p. :
_bill. ;
_c23cm .
500 _aAcc No 492/Che Shifted from PG Section
504 _aIndex
653 _aChemistry-Micromolecule
653 _aPG-Chemistry
653 _aG-Che
942 _2ddc
_cBK
999 _c6352
_d6352